02139nam a2200577 a 450000500170000000800410001702000180005804100080007610000310008424500760011525001140019126000450030530000160035050001560036665300260052265300260054865300520057465300130062665300370063965300450067665300330072165300300075465300260078465300280081065300310083865300540086965300260092365300410094965300420099065300260103265300440105865300220110265300190112465300230114365300180116665300370118465300260122165300130124765300170126065300260127765300210130365300210132465300280134565300250137365300360139865300220143465300350145665300310149170000210152270000180154320240503103914.0100330t2012||||sp a f |||| 001 0 spa d a9788480869652 aspa1 aFitzgerald Turlough, M. J. aNeuroanatomía clínica y Neurociencia / cM. J. Fitzgerald Torlough a6a ed. en español de la sexta edición original en inglésbRevisión cientifica Victor Götzens Garcia aBarcelona: bElsevier ; Saunders;c2012. a418 p.bil. aFitzgerald Turlough, M. J., Gruener, G. y Mtui, E. (Col.). (2012). Neuroanatomía clínica y neurociencia. (6a ed.). Barcelona : Elsevier ; Saunders. aEmbriología general aTopografía cerebral aMesencéfalo, rombencéfalo, médula espinal aMeninges aVascularización del encéfalo aNeuronas y neuroglía: visión general aAcontecimientos eléctricos aTransmisores y receptores aNervios periféricos aInervación de la piel aExamen electrodignóstico aSistema nrvioso autónomo y aferentes viscerales aRaices de los nervios aMédula espinal: vías ascendentes aMédula espinal: vías descendentes aTronco del encéfalo 4aLos cuatro nervios craneales inferiores aNervio vestibular aNervio coclear aNervio trigémino aNervio facial aNervios motores del globo ocular aFormación reticular aCerebelo aHipotálamo aTálamo, epitálamo aVías ópticas aCorteza cerebral aElectroencefalografía aPotenciales evocados aAsimetrías de los hemisferios aNúcleos basales aSistemas olfatorio y límbico aEnfermedad cerebrovascular1 aGruener, Gregory1 aMtui, Estomih